Statistics for Countries that Rhyme with other Counries

Click here to take the quiz!

General Stats

  • This quiz has been taken 40 times
  • The average score is 5 of 10

Answer Stats

HintAnswer% Correct
PakistanAfghanistan/Uzbekistan/Tajikistan/Turkmenistan/Kazakhstan/Kyrgyzstan
80%
ZambiaGambia
80%
SpainUkraine/Bahrain
70%
TaiwanAzerbaijan/Oman/Iran/Gabon
50%
LibyaBolivia/Namibia
50%
RomaniaAlbania
45%
OmanIran/Gabon
38%
LesothoTogo
25%
Saint Vincent and the GrenadinesPhilippines
20%
SyriaSerbia
13%

Score Distribution

Percentile by Number Answered

Percent of People with Each Score

Your Score History

You have not taken this quiz